000 00283nam a2200109Ia 4500
008 200302s9999 xx 000 0 und d
100 _aNoel Moffett
245 _aThe Best of the British Architect
260 _bE &Fn Spon an Imprint of Chapman Hall.
260 _c1993
300 _a190 P.,
999 _c823
_d823